| 000 | 02286nas a2200265 i 4500 | ||
|---|---|---|---|
| 005 | 20250530143725.0 | ||
| 007 | ta | ||
| 008 | 241128e2024 dr bn|p|r||||||0| 0 spa d | ||
| 040 |
_cAGN _dAGN _aDO-SdBNP _bspa _erda |
||
| 041 | _aspa | ||
| 110 |
_aAMD Dominican Group, SRL. _987926 |
||
| 245 |
_aReporte Médico. Com / _cAMD Dominican Group. |
||
| 264 |
_aSantiago, República Dominicana : _bAMD Dominican Group, _c2024. |
||
| 300 |
_avolumen : _bilustraciones, fotografías ; _c30 cm. |
||
| 310 | _aBimestral | ||
| 336 |
_atexto _btxt _2rdacontent |
||
| 337 |
_asin mediación _bn _2rdamedia |
||
| 338 |
_avolumen _bnc _2rdacarrier |
||
| 362 | _aNúmero 15, Año 2024, noviembre-diciembre. | ||
| 500 | _aReporte Médico.com es un producto diseñado y elaborado por Media Group – RMMG SRL empresa que cuenta con un equipo de profesionales al servicio de tu bienestar y salud. ReporteMédico.com es una revista médica especializada de 06 ediciones anuales con publicación bimestral, conformada por 100 páginas o más que cuenta con secciones fijas, reportajes, noticias, entrevistas, productos y servicios. ReporteMédico.com es presentada en dos versiones impresa y digital. Nuestra versión impresa tiene alta calidad de impresión con distribución masiva y gratuita. Brinda al lector una imagen fresca y variada, apoyada a su vez por nuestra página web www.reportemedico.com para que los usuarios de las plataformas digitales disfruten de su versión Digital y de nuestro contenido diario. Cabe destacar que es la única revista especializada que incluye una Guía Médica como ninguna otra, una herramienta formidable para tenerla siempre contigo y ubicar rápida y eficazmente los más destacados médicos a nivel nacional. Copyright © 2022 Media Group – RMMG SRL | Todos los derechos reservados. Santo Domingo / República Dominicana Síguenos por nuestras Redes Sociales Instagram Facebook Youtube | ||
| 505 | _aRevista Médica Especializada de la República Dominicana. | ||
| 520 | _aLa República Dominicana cuenta con varias revistas médicas especializadas que ofrecen contenido de alta calidad científica y divulgación médica. | ||
| 650 | 0 |
_aMedicina _912481 _vPublicaciones periódicas _zRepública Dominicana |
|
| 942 |
_2ddc _cISSUE |
||
| 999 |
_c59106 _d59106 |
||